241228 - Quiz quotidien du 28 décembre 2024 - Statistiques

Statistiques générales
  • Ce quiz a été pris 32 fois
  • Le résultat moyen est 5 sur 10
Statistiques - réponses
Question Réponse % Correct
Dans lequel de ces pays "Park" est-il l'un des noms de famille les plus courants ? Corée du Sud
100%
Quel film a généré le plus de revenus dans le monde en 1993 ? Jurassic Park
100%
Quel parc est connu pour le "Speakers' Corner" où les gens viennent traditionnellement prononcer des discours sur des sujets politiques ? Hyde Park
60%
Où se trouve Stanley Park ? Vancouver
60%
Les œuvres de qui sont exposées dans le parc Güell à Barcelone ? Antoni Gaudí
40%
Quel était le surnom du saxophoniste bebop Charlie Parker ? Bird
40%
Dans quel État américain se déroule la série télévisée *South Park* ? Colorado
40%
Qui a été managé par le "Colonel" Tom Parker ? Elvis Presley
20%
Quel parc d'attractions pouvait être trouvé à Moscou à l'époque soviétique ? Parc Gorki
20%
Où Disney a-t-il ouvert son sixième et plus récent parc à thème en 2016 ? Shanghai
20%
Aucun quiz correspondant
Distribution des résultats
% des personnes avec chaque résultat
Percentile par nombre de réponses
Votre historique - résultats
Vous n’avez pas pris ce quiz